00580 2200205 4500001002100000005001500021035002000036007000300056008004100059020002200100082000800122084001400130100001700144245010000161260004600261300001600307650001400323856002100337990001600358INLIS00000000000815520260205091228 a0010-0126000152ta260205 0 ind  a978-623-515-504-3 a658 a658 DIT m0 aDita Herdian1 aManajemen Pemasaran :bTeori dan Praktik, Langkah Strategis Pemasaran Masa Kini /cDita Herdian aYogyakarta :bAnak hebat indonesia,c2025 a326 ;c21cm 4amanajemen aALUMNI MANAJEMEN a00000013748